000 00521nam a2200193Ia 4500
005 20250326141736.0
008 250326s9999 xx 000 0 und d
020 _a92-2-107046-8
037 _aTextbook
040 _aFMSL
_beng
_cFMSL
041 _aeng
_2eng
084 _aX:90gD658(B) M9
_qFMSL
100 _aILO
245 0 _aEconomic data for labour administration
_cILO
260 _aGeneva
_bGeneva, ILO
_c1989
300 _a231p
942 _cTB
_hX:90gD658(B) M9
999 _c1291751
_d1291751